[Event "vininetto"]
[Site "http://www.queenalice.com/game.php?id=813162"]
[Date "2010.8.4"]
[Round "3"]
[White "lichs_i"]
[Black "vininetto"]
[Result "0-1"]
[WhiteElo "1617"]
[BlackElo "1949"]

1. e4 c5 2. d4 cxd4 3. Qxd4 d6 4. Bh6 Nxh6 5. e5 Nc6 6. Bb5 Bd7 7. Qe3 Nxe5 8.
Bxd7+ Qxd7 9. Qh3 Qxh3 10. Nxh3 g6 11. O-O Bg7 12. Nd2 O-O 13. f4 Nc6 14. Nf3
Nd4 15. c3 Nxf3+ 16. Rxf3 Rac8 17. Re1 Rc7 18. Rfe3 e6 19. g3 Rfc8 20. Rc1 Nf5
21. Rd3 d5 22. g4 Nd4 23. Kf2 Nb5 24. a4 Nd6 25. Ng5 Rc4 26. Nf3 Rxf4 27. Kg3
Rxa4 28. Nd2 Ne4+ 29. Nxe4 Rxe4 30. Kf3 Rd4 31. Rcd1 Rxd3+ 32. Rxd3 Rc4 33. Ke3
Rxg4 34. h3 Rg3+ 35. Kd2 Rxd3+ 36. Kxd3 f5 37. Ke3 Kf7 38. Kd3 f4 39. Ke2 Kf6
40. Kf3 g5 41. b3 Kf5 42. Kf2 Bxc3 43. Ke2 e5 44. Kf2 e4 45. Ke2 f3+ 46. Ke3
Bd4+ 47. Kd2 Bc3+ 48. Ke3 Be1 49. b4 f2 50. Ke2 d4 51. b5 d3+ 52. Kf1 e3 53. h4
e2+ 54. Kg2 f1=Q+ 55. Kh2 Bf2 56. b6 Qg1+ 57. Kh3 g4# 0-1

[Event "Challenge"]
[Site "http://www.queenalice.com/game.php?id=840954"]
[Date "2010.10.2"]
[Round "-"]
[White "Navi"]
[Black "lichs_i"]
[Result "1-0"]
[WhiteElo "1847"]
[BlackElo "1643"]

1. e4 d5 2. exd5 Qxd5 3. Nc3 Qe5+ 4. Qe2 Qxe2+ 5. Bxe2 Bf5 6. d3 e5 7. Bf3 c6 8.
Nge2 Bb4 9. a3 Bxc3+ 10. Nxc3 b5 11. Nxb5 Kd7 12. Nc3 Nf6 13. Bg5 Ng4 14. h3 Nf6
15. Bxf6 gxf6 16. Ne4 Bxe4 17. Bxe4 Na6 18. b4 Rag8 19. O-O Rg5 20. f4 Rg3 21.
f5 Rhg8 22. Kf2 Nc7 23. Bf3 R8g5 24. Bg4 R5xg4 25. hxg4 Rxg4 26. g3 Rg5 27. Kg2
h5 28. Kh3 Nd5 29. Rf3 Nc3 30. Re1 Rg4 31. Rfe3 Rg5 32. d4 Rxf5 33. Rxc3 exd4
34. Rd1 Rd5 35. Rcd3 Kd6 36. Rxd4 a6 37. Rxd5+ cxd5 38. c4 Kc6 39. Rxd5 Kb6 40.
Rd6+ Kb7 41. a4 f5 42. b5 axb5 43. axb5 Kc7 44. c5 f4 45. gxf4 Kb7 46. Rf6 Kc7
47. Rxf7+ Kc8 48. b6 Kb8 49. c6 Ka8 50. Rf8# 1-0

[Event "Challenge"]
[Site "http://www.queenalice.com/game.php?id=840955"]
[Date "2010.10.2"]
[Round "-"]
[White "lichs_i"]
[Black "Navi"]
[Result "0-1"]
[WhiteElo "1628"]
[BlackElo "1855"]

1. d4 d5 2. e3 Nf6 3. Nc3 e6 4. Nf3 Bb4 5. Bb5+ Bd7 6. Bxd7+ Nbxd7 7. Ne5 Bxc3+
8. bxc3 Nxe5 9. dxe5 Nd7 10. Qg4 O-O 11. e4 Nxe5 12. Qg3 Ng6 13. Qg5 Qxg5 14.
Bxg5 f6 15. Be3 dxe4 16. Rb1 b6 17. h4 Ne7 18. Rd1 Rad8 19. Rxd8 Rxd8 20. Bf4 c5
21. Ke2 e5 22. Bg3 Nc6 23. Rd1 Rxd1 24. Kxd1 c4 25. f4 exf4 26. Bxf4 f5 27. Ke2
Ne7 28. Bb8 a6 29. Bc7 b5 30. Bd6 Nd5 31. Be5 h6 32. Kd2 Kf7 33. a3 g5 34. hxg5
hxg5 35. Ke2 f4 36. Kf2 Ke6 37. Bd4 Kf5 38. Bg7 Kg4 39. Bd4 e3+ 40. Ke2 Kg3 41.
Kf1 e2+ 42. Kxe2 Kxg2 43. Ke1 f3 44. Bc5 g4 45. Bf2 g3 46. Bd4 f2+ 47. Bxf2
gxf2+ 48. Ke2 f1=Q+ 49. Kd2 Kf2 50. a4 Qe1# 0-1

[Event "GLT-607"]
[Site "http://www.queenalice.com/game.php?id=850584"]
[Date "2010.10.25"]
[Round "-"]
[White "gustavobelczak"]
[Black "lichs_i"]
[Result "1-0"]
[WhiteElo "1421"]
[BlackElo "1615"]

1. e4 d5 2. Qf3 c6 3. c4 e6 4. a3 Nf6 5. d3 Qa5+ 6. Bd2 Qb6 7. b4 Qd4 8. Bc3 Qb6
9. Bxf6 gxf6 10. Qxf6 Rg8 11. e5 Bg7 12. Qg5 Nd7 13. Nf3 Qc7 14. d4 a5 15. Bd3
h6 16. Qg3 f6 17. Bh7 Rf8 18. Qxg7 Qb6 19. Bg6+ Kd8 20. exf6 axb4 21. Ne5 Qxd4
22. Nxd7 Qxa1 23. Qe7+ Kc7 24. Nxf8+ Kb6 25. c5+ Kb5 26. O-O bxa3 27. Nc3+ Kc4
28. Rxa1 Kxc3 29. f7 Kb2 30. Qf6+ Kb3 31. Nxe6 Bxe6 32. f8=Q Rxf8 33. Qxf8 Bg4
34. Qa8 Kc4 35. Qxa3 Kd4 36. Qa4+ Kxc5 37. Qxg4 b5 38. Qc8 b4 39. Ra6 b3 40.
Qxc6+ Kd4 41. Ra5 Ke5 42. Qxd5+ Kf6 43. Qf7# 1-0

[Event "GLT-507"]
[Site "http://www.queenalice.com/game.php?id=851437"]
[Date "2010.10.27"]
[Round "-"]
[White "edulemes"]
[Black "lichs_i"]
[Result "1-0"]
[WhiteElo "1918"]
[BlackElo "1551"]

1. e4 d5 2. d3 h5 3. h3 c6 4. Bd2 e6 5. c3 Qf6 6. Nf3 Nd7 7. Bg5 Qg6 8. h4 Bc5
9. exd5 cxd5 10. d4 Bb6 11. Bb5 Qe4+ 12. Kf1 f6 13. Nbd2 Qg6 14. Bf4 e5 15. Qe1
Kd8 16. dxe5 Qe8 17. e6 Ne7 18. Rd1 a6 19. Ba4 Nf5 20. c4 Ba5 21. cxd5 Bxd2 22.
Qxd2 b5 23. Qa5+ Ke7 24. d6+ Kf8 25. Bb3 Kg8 26. exd7+ Qf7 27. Bxf7+ Kxf7 28.
d8=Q Rxd8 29. Qxd8 Kg6 30. Qe8+ Kh7 31. d7 Bxd7 32. Qxa8 b4 33. Rxd7 b3 34. axb3
a5 35. Qxa5 Kg6 36. g4 Nh6 37. Qxh5+ Kh7 38. Qxh6+ Kg8 39. Qxg7# 1-0

[Event "Challenge"]
[Site "http://www.queenalice.com/game.php?id=851731"]
[Date "2010.10.28"]
[Round "-"]
[White "MASTROIANNI"]
[Black "lichs_i"]
[Result "1-0"]
[WhiteElo "1587"]
[BlackElo "1576"]

1. d4 d5 2. Nc3 c6 3. f4 e6 4. Be3 Bb4 5. Qd2 Bxc3 6. Qxc3 Qh4+ 7. g3 Qf6 8.
O-O-O b5 9. a3 Na6 10. Qxc6+ Kd8 11. Qxa8 Qe7 12. Qc6 Bb7 13. Qxb5 Qc7 14. Nf3
Ne7 15. Ne5 Rf8 16. Rd3 f6 17. Rc3 Qb6 18. Qd7# 1-0

[Event "GLT-1207"]
[Site "http://www.queenalice.com/game.php?id=852060"]
[Date "2010.10.29"]
[Round "-"]
[White "vininetto"]
[Black "lichs_i"]
[Result "1-0"]
[WhiteElo "1931"]
[BlackElo "1549"]

1. d4 d5 2. c4 Nf6 3. Nc3 e6 4. Nf3 Bb4 5. Bd2 Bxc3 6. Bxc3 dxc4 7. e3 Nd5 8.
Bxc4 Nxc3 9. bxc3 O-O 10. O-O Qd6 11. Bd3 Nc6 12. Ng5 g6 13. Ne4 Qe7 14. Qf3 Kg7
15. Qg3 f6 16. Nd2 b6 17. Nf3 f5 18. h4 Bd7 19. h5 Rh8 20. Nh4 Be8 21. d5 Nd8
22. dxe6 Kf6 23. Nf3 Nxe6 24. Qe5+ Kf7 25. Qxh8 Nc5 26. Bc4+ Ne6 27. Ne5# 1-0

[Event "GLT-107"]
[Site "http://www.queenalice.com/game.php?id=854553"]
[Date "2010.11.4"]
[Round "-"]
[White "akiba_fall"]
[Black "lichs_i"]
[Result "0-1"]
[WhiteElo "1354"]
[BlackElo "1508"]

1. d4 d5 2. e3 c6 3. b4 e6 4. Ba3 Nf6 5. Nd2 Ne4 6. Nxe4 dxe4 7. Bc4 Qf6 8. Qg4
Qf5 9. Qxf5 exf5 10. O-O-O Be6 11. Bxe6 fxe6 12. Ne2 Nd7 13. Nf4 Nb6 14. Nxe6
Nc4 15. Nc7+ Kd7 16. Nxa8 Nxa3 17. d5 Bxb4 18. dxc6+ Kxc6 19. Rd4 Bc5 20. Rhd1
Bxd4 21. exd4 Rxa8 22. d5+ Kd6 23. Kb2 Nc4+ 24. Kb3 b5 25. Kb4 a6 26. a4 Nb2 27.
Rd2 Nxa4 28. c4 Nc5 29. f3 exf3 30. gxf3 a5+ 31. Kc3 a4 32. cxb5 a3 33. Ra2 Kxd5
34. Kb4 Ra4+ 35. Kc3 g5 36. h3 h6 37. Rd2+ Ke5 38. b6 a2 39. Re2+ Kd6 40. Rd2+
Kc6 41. Rd8 a1=Q+ 42. Kd2 Qb2+ 43. Ke3 Qxb6 44. Rc8+ Kb7 45. Rxc5 Qxc5+ 46. Kd3
Qc4+ 47. Ke3 f4+ 48. Kf2 Ra2+ 49. Kg1 Qc1# 0-1

[Event "GLT-708"]
[Site "http://www.queenalice.com/game.php?id=855326"]
[Date "2010.11.5"]
[Round "-"]
[White "lichs_i"]
[Black "farrapo"]
[Result "1-0"]
[WhiteElo "1520"]
[BlackElo "816"]

1. e4 Nf6 2. d3 c5 3. Bg5 Qa5+ 4. Nc3 Qb4 5. Bxf6 gxf6 6. a3 Qxb2 7. Nd5 Na6 8.
Qb1 Qc3+ 9. Nxc3 Bh6 10. Nb5 Bf4 11. g3 Be5 12. c3 Rg8 13. Be2 Rg5 14. Qc1 d6
15. h4 Rg6 16. Bh5 Bd7 17. a4 b6 18. Bxg6 fxg6 19. Qh6 Bc8 20. Qxh7 Kd7 21. Qf7
Bb7 22. Qxg6 Rf8 23. Rb1 Bc8 24. Qg7 Re8 25. Nxa7 Bxc3+ 26. Kd1 Bb7 27. h5 Nc7
28. Rxb6 Ra8 29. Rxb7 Rxa7 30. Rxa7 Kc6 31. h6 Kb6 32. Rxc7 Kxc7 33. Qxe7+ Kc6
34. Qg7 Bd4 35. h7 f5 36. Qa7 fxe4 37. h8=Q Bxh8 38. Rxh8 Kd5 39. Rd8 exd3 40.
Qd7 Kc4 41. Qxd6 Kb4 42. Rb8+ Kc3 43. Qxc5# 1-0

[Event "Challenge"]
[Site "http://www.queenalice.com/game.php?id=862985"]
[Date "2010.11.23"]
[Round "-"]
[White "MASTROIANNI"]
[Black "lichs_i"]
[Result "1-0"]
[WhiteElo "1646"]
[BlackElo "1548"]

1. d4 d5 2. Nc3 Nf6 3. f4 Ne4 4. Nxe4 dxe4 5. e3 g6 6. Bd2 Nc6 7. Bb5 Bd7 8. c3
e6 9. Qa4 Nb8 10. Bxd7+ Nxd7 11. Nh3 Qh4+ 12. Kd1 Qg4+ 13. Kc1 Qxg2 14. Kc2 Qxh3
15. Rag1 c6 16. Rg3 Qh5 17. h4 Qe2 18. Re1 Qd3+ 19. Kc1 Be7 20. Rh3 Nb6 21. Qb3
Nc4 22. Rd1 Rd8 23. Qxb7 Nd6 24. Qxc6+ Rd7 25. b3 Bd8 26. c4 Ke7 27. Bb4 Qe2 28.
c5 Nb5 29. Qxe4 Qxa2 30. c6+ Ke8 31. cxd7+ Kxd7 32. Qb7+ Nc7 33. Bc5 a5 34. Rd2
Qa1+ 35. Kc2 Qf1 36. Rf3 Qh1 37. Rdf2 Bxh4 38. Rf1 Qh2+ 39. Kd1 Ra8 40. Bb6 Rc8
41. e4 f6 42. Rc3 Qb2 43. Rxc7+ Kd6 44. Qc6# 1-0

[Event "Challenge"]
[Site "http://www.queenalice.com/game.php?id=862986"]
[Date "2010.11.23"]
[Round "-"]
[White "lichs_i"]
[Black "MASTROIANNI"]
[Result "0-1"]
[WhiteElo "1532"]
[BlackElo "1660"]

1. e4 e5 2. Nf3 Qf6 3. Nc3 Bc5 4. Nd5 Qd6 5. c4 c6 6. Ne3 Nf6 7. Nf5 Qf8 8. d4
exd4 9. N3xd4 Bxd4 10. Qxd4 c5 11. Qe5+ Kd8 12. Qe7+ Qxe7 13. Nxe7 Kxe7 14. Bg5
h6 15. Bxf6+ gxf6 16. f3 Nc6 17. Bd3 Nd4 18. b3 Rb8 19. Rb1 d6 20. Kd2 a5 21.
Rhe1 Bd7 22. f4 b5 23. cxb5 Bxb5 24. e5 fxe5 25. fxe5 d5 26. Rbc1 Bxd3 27. Kxd3
Ne6 28. a3 Rxb3+ 29. Rc3 c4+ 30. Kc2 Rxc3+ 31. Kxc3 Rg8 32. g3 Ng5 33. h4 Ne4+
34. Kc2 Rxg3 35. h5 Rxa3 36. e6 Kxe6 37. Rb1 Rc3+ 38. Kb2 Rb3+ 39. Kc2 Rxb1 40.
Kxb1 Ke5 41. Kc2 Kd4 42. Kd1 Kd3 43. Ke1 a4 44. Kd1 Nf2+ 45. Kc1 f5 46. Kb2 Kd2
47. Kb1 c3 48. Ka2 c2 49. Ka3 c1=Q+ 50. Kb4 Qc4+ 51. Ka5 a3 0-1

[Event "Challenge"]
[Site "http://www.queenalice.com/game.php?id=898659"]
[Date "2011.2.10"]
[Round "-"]
[White "MASTROIANNI"]
[Black "lichs_i"]
[Result "0-1"]
[WhiteElo "1640"]
[BlackElo "1498"]

1. d4 d5 2. f4 e6 3. e3 Nf6 4. c4 c5 5. cxd5 exd5 6. dxc5 Bxc5 7. Bb5+ Bd7 8.
Qa4 O-O 9. Bxd7 Nbxd7 10. b4 Bd6 11. Nc3 Rc8 12. Nge2 Ne4 13. Nxe4 dxe4 14. O-O
Rc4 15. a3 a5 16. Qb3 b5 17. bxa5 Qxa5 18. a4 Nc5 19. Qxb5 Qxb5 20. axb5 h6 21.
Ba3 Rb8 22. Rfd1 Nb3 23. Ra2 Bxa3 24. Rxa3 Nc5 25. Rd5 Rxb5 26. g4 Rb2 27. Ra5
Rxe2 28. Raxc5 Rxc5 29. Rxc5 Rxe3 30. Kf2 Rf3+ 31. Ke2 Rxf4 32. Ke3 Rxg4 33. Rh5
Kh7 34. h3 g6 35. Re5 Rg3+ 36. Kxe4 Rxh3 37. Kf4 h5 38. Re7 Kg7 39. Re5 Kf6 40.
Re1 g5+ 41. Ke4 h4 42. Rf1+ Kg6 43. Ke5 Re3+ 44. Kd4 Re2 45. Kd3 Rg2 46. Ke3 g4
47. Kf4 f5 48. Rh1 h3 49. Ke3 Kg5 50. Kd3 h2 51. Ke3 f4+ 52. Kd3 Kh4 53. Ke4 Kg3
54. Kd3 Rg1 55. Rxh2 Kxh2 56. Ke4 f3 57. Kf4 f2 58. Kf5 f1=Q+ 59. Kg5 g3 60. Kg4
Qf8 61. Kh4 Qg8 62. Kh5 Kg2 63. Kh6 Rh1# 0-1

[Event "Challenge"]
[Site "http://www.queenalice.com/game.php?id=898660"]
[Date "2011.2.10"]
[Round "-"]
[White "lichs_i"]
[Black "MASTROIANNI"]
[Result "0-1"]
[WhiteElo "1519"]
[BlackElo "1672"]

1. e4 c5 2. Bc4 e5 3. Qf3 f6 4. Qb3 Nh6 5. d3 Qe7 6. Bxh6 gxh6 7. Bd5 d6 8. Qb5+
Qd7 9. Nc3 Qxb5 10. Nxb5 Kd7 11. Ne2 a6 12. Nbc3 Ra7 13. f4 Bg7 14. O-O exf4 15.
Nxf4 Ke7 16. Nh5 Bf8 17. Nxf6 Bg7 18. Nh5 Bg4 19. Nxg7 Nd7 20. Rf4 h5 21. Raf1
Kd8 22. Be6 Bxe6 23. Rf6 Nxf6 0-1

[Event "Challenge"]
[Site "http://www.queenalice.com/game.php?id=898662"]
[Date "2011.2.10"]
[Round "-"]
[White "MASTROIANNI"]
[Black "lichs_i"]
[Result "1-0"]
[WhiteElo "1631"]
[BlackElo "1500"]

1. d4 d5 2. f4 e6 3. g4 c5 4. Be3 Nf6 5. g5 Ng4 6. h3 Nxe3 7. Qd3 Nc4 8. Qb3 Qb6
9. Qxb6 axb6 10. b3 Ne3 11. Na3 c4 12. Kf2 Bxa3 13. Kxe3 Bb2 14. Rb1 Bxd4+ 15.
Kd2 Rxa2 16. Nf3 Nc6 17. bxc4 dxc4 18. e3 Bc5 19. Bxc4 Ra4 20. Bb5 Bb4+ 21. c3
Ra2+ 22. Kd3 Ra3 23. Bxc6+ bxc6 24. Rxb4 Ba6+ 25. Kc2 c5 26. Rxb6 O-O 27. Rhb1
Rc8 28. Rb8 h6 29. Rxc8+ Bxc8 30. Rb8 Kh7 31. Rxc8 Ra2+ 32. Kd3 Rf2 33. Ne5 hxg5
34. fxg5 f6 35. gxf6 Rxf6 36. Rxc5 Rh6 37. Nf7 Kg6 38. Ng5 Rh5 39. Nxe6 Rxc5 40.
Nxc5 Kf5 41. Kd4 g5 42. Ne4 g4 43. hxg4+ Kxg4 44. c4 Kf3 45. c5 Ke2 46. c6 Ke1
47. c7 Ke2 48. c8=R Ke1 49. Rc2 Kd1 50. Kd3 Ke1 51. Rc1# 1-0

[Event "GLT-907"]
[Site "http://www.queenalice.com/game.php?id=926802"]
[Date "2011.4.17"]
[Round "-"]
[White "z3r0vulc4n"]
[Black "lichs_i"]
[Result "0-1"]
[WhiteElo "1625"]
[BlackElo "1489"]

1. e4 d5 2. e5 Nc6 3. Nf3 Bg4 4. Bb5 Bxf3 5. Qxf3 a6 6. Bxc6+ bxc6 7. O-O f6 8.
exf6 Nxf6 9. d4 Ne4 10. Nc3 Nxc3 11. Qxc3 Qd6 12. Qb3 e6 13. Qb7 Rd8 14. Qxa6 c5
15. Qxd6 cxd6 16. dxc5 dxc5 17. Bg5 Be7 18. Bxe7 Kxe7 19. a4 Kd7 20. c3 c4 21.
Rfe1 Rhe8 22. h3 Kc7 23. Re3 Rb8 24. Rg3 Re7 25. Ra2 g6 26. Re3 Rb6 27. Re2 Kb7
0-1

[Event "GLT-709"]
[Site "http://www.queenalice.com/game.php?id=945954"]
[Date "2011.6.4"]
[Round "-"]
[White "lichs_i"]
[Black "z3r0vulc4n"]
[Result "0-1"]
[WhiteElo "1510"]
[BlackElo "1604"]

1. e4 e5 2. Nf3 Nc6 3. d4 exd4 4. Nxd4 Nxd4 5. Qxd4 d6 6. f3 Nf6 7. Bg5 Be7 8.
c3 c5 9. Qe3 O-O 10. Bxf6 Bxf6 11. Nd2 Be6 12. Bc4 Bxc4 13. Nxc4 b5 14. Nd2 b4
0-1

[Event "GLT-701"]
[Site "http://www.queenalice.com/game.php?id=946805"]
[Date "2011.6.7"]
[Round "-"]
[White "lichs_i"]
[Black "akiba_fall"]
[Result "0-1"]
[WhiteElo "1535"]
[BlackElo "1407"]

1. e4 e5 2. Nf3 Nc6 3. Bb5 Bd6 4. Bxc6 dxc6 5. d4 exd4 6. Qxd4 f6 7. O-O c5 8.
Qc3 Qe7 9. Nbd2 b6 10. b3 Ba6 11. Re1 O-O-O 12. Ba3 c6 13. b4 cxb4 14. Qxc6+ Bc7
15. Qa8+ Bb8 16. Qc6+ Bc7 0-1

[Event "Challenge"]
[Site "http://www.queenalice.com/game.php?id=959686"]
[Date "2011.7.12"]
[Round "-"]
[White "pedroingles"]
[Black "lichs_i"]
[Result "1-0"]
[WhiteElo "1769"]
[BlackElo "1512"]

1. d4 d5 2. c4 e6 3. Nf3 c5 4. Nc3 dxc4 5. dxc5 Bxc5 6. e4 Bb4 7. Qxd8+ Kxd8 8.
Bxc4 Bxc3+ 9. bxc3 Nc6 10. O-O Nf6 11. Bg5 Ne7 12. Rfe1 h6 13. Bh4 Bd7 14. Rad1
Nc6 15. Rd2 1-0

[Event "Challenge"]
[Site "http://www.queenalice.com/game.php?id=959687"]
[Date "2011.7.12"]
[Round "-"]
[White "lichs_i"]
[Black "pedroingles"]
[Result "0-1"]
[WhiteElo "1506"]
[BlackElo "1775"]

1. d4 Nf6 2. Bg5 g6 3. Bxf6 exf6 4. e4 Bg7 5. f3 d6 6. Bb5+ Bd7 7. Bxd7+ Nxd7 8.
Ne2 O-O 9. Nd2 Nb6 10. O-O d5 11. Ng3 Qd7 12. Qe2 Rfe8 13. Rae1 Re7 14. Kf2 Rae8
0-1

[Event "Challenge"]
[Site "http://www.queenalice.com/game.php?id=960178"]
[Date "2011.7.14"]
[Round "-"]
[White "drglaucoprado"]
[Black "lichs_i"]
[Result "1-0"]
[WhiteElo "1519"]
[BlackElo "1552"]

1. d4 d5 2. Nc3 Nf6 3. g3 Bf5 4. Bg2 e6 5. f3 Bb4 6. a3 Bxc3+ 7. bxc3 Nc6 8. g4
Bg6 9. Bg5 h6 10. Bxf6 Qxf6 11. Nh3 1-0